How to Develop More Effective Policies Against Crime: Some Reflections on Drugs and Crime Research in an International Context

Gespeichert in:  
Bibliographische Detailangaben
1. VerfasserIn: Chawla, Sandeep (Verfasst von)
Medienart: Druck Aufsatz
Sprache:Englisch
Veröffentlicht: 2004
In: European journal on criminal policy and research
Jahr: 2004, Band: 10, Heft: 1, Seiten: 85-98
Verfügbarkeit prüfen: HBZ Gateway
Schlagwörter:

MARC

LEADER 00000caa a22000002c 4500
001 163930648X
003 DE-627
005 20230426102305.0
007 tu
008 160223s2004 xx ||||| 00| ||eng c
035 |a (DE-627)163930648X 
035 |a (DE-576)455832366 
035 |a (DE-599)BSZ455832366 
040 |a DE-627  |b ger  |c DE-627  |e rakwb 
041 |a eng 
100 1 |a Chawla, Sandeep  |4 aut 
245 1 0 |a How to Develop More Effective Policies Against Crime: Some Reflections on Drugs and Crime Research in an International Context  |c Sandeep Chawla 
264 1 |c 2004 
336 |a Text  |b txt  |2 rdacontent 
337 |a ohne Hilfsmittel zu benutzen  |b n  |2 rdamedia 
338 |a Band  |b nc  |2 rdacarrier 
773 0 8 |i In  |t European journal on criminal policy and research  |d Dordrecht [u.a.] : Springer, 1993  |g 10(2004), 1, Seite 85-98  |w (DE-627)175792569  |w (DE-600)1156382-5  |w (DE-576)033901708  |x 0928-1371  |7 nnas 
773 1 8 |g volume:10  |g year:2004  |g number:1  |g pages:85-98 
776 1 |o 10.1023/B:CRIM.0000037559.54020.82 
935 |a mkri 
951 |a AR 
ELC |b 1 
LOK |0 000 xxxxxcx a22 zn 4500 
LOK |0 001 3299770217 
LOK |0 003 DE-627 
LOK |0 004 163930648X 
LOK |0 005 20250325144007 
LOK |0 008 160208||||||||||||||||ger||||||| 
LOK |0 040   |a DE-21-110  |c DE-627  |d DE-21-110 
LOK |0 689   |a s  |a Drogenkriminalität 
LOK |0 689   |a s  |a Polizeiforschung 
LOK |0 689   |a s  |a International 
LOK |0 689   |a s  |a Kriminalitätsbekämpfung 
LOK |0 689   |a s  |a Statistik 
LOK |0 852   |a DE-21-110 
LOK |0 852 1  |m p  |9 00 
LOK |0 935   |a k110 
LOK |0 938   |k p 
LOK |0 939   |a 08-02-16  |b l01 
ORI |a SA-MARC-krimdoka001.raw